[Event "IECC CL3-2020.02 email"]
[Site "IECC email"]
[Date "2020.06.07"]
[Round "?"]
[White "Blackman, Leon"]
[Black "Jordaan, Wayne"]
[Result "0-1"]
[WhiteElo "1922"]
[BlackElo "1902"]
[PlyCount "78"]
[EventDate "2020.??.??"]
[EventType "tourn (corr)"]
[EventRounds "4"]
[SourceTitle "Corr 2024"]
[Source "ChessBase"]
[SourceDate "2023.10.19"]
[SourceVersion "1"]
[SourceVersionDate "2023.10.19"]
[SourceQuality "1"]
[WhiteTeam "Australien"]
[BlackTeam "Südafrika"]
[WhiteTeamCountry "AUS"]
[BlackTeamCountry "RSA"]

1. e4 c5 2. Nf3 d6 3. d4 cxd4 4. Nxd4 Nf6 5. Nc3 a6 6. Bg5 e6 7. f4 Qb6 8. Qd2 Qxb2 9. Rb1 Qa3 10. Be2 Nbd7 11. 0-0 Qc5 12. Na4 Qc7 13. Qe3 b5 14. Nc3 Be7 15. a4 bxa4 16. Nxa4 0-0 17. Nc3 Bb7 18. Rb2 Rac8 19. Bh4 Ng4 20. Bxg4 Bxh4 21. Na4 Bf6 22. c3 Rfe8 23. Rfb1 Ba8 24. Bf3 e5 25. Nf5 exf4 26. Qxf4 Be5 27. Qc1 Bc6 28. Rb4 Bb5 29. c4 Bxc4 30. Qc2 a5 31. Rb7 Qc6 32. Qd1 Ba2 33. R1b5 g6 34. Ne3 h5 35. Nb2 Qc3 36. Qe2 Be6 37. Nbd1 Qd4 38. Rb1 Nc5 39. R7b2 Nxe4 0-1

[Event "IECC CL3-2019.03 email"]
[Site "IECC email"]
[Date "2019.07.05"]
[Round "?"]
[White "Martins, Karin"]
[Black "Blackman, Leon"]
[Result "0-1"]
[WhiteElo "2018"]
[BlackElo "1866"]
[PlyCount "68"]
[EventDate "2019.??.??"]
[EventType "tourn (corr)"]
[EventRounds "4"]
[SourceTitle "Corr 2024"]
[Source "ChessBase"]
[SourceDate "2023.10.19"]
[SourceVersion "1"]
[SourceVersionDate "2023.10.19"]
[SourceQuality "1"]
[WhiteTeam "Deutschland"]
[BlackTeam "Australien"]
[WhiteTeamCountry "GER"]
[BlackTeamCountry "AUS"]

1. e4 c5 2. Nf3 Nc6 3. d4 cxd4 4. Nxd4 Nf6 5. Nc3 e5 6. Bb5 exd4 7. Bxc6 dxc6 8. Ne2 Qa5+ 9. c3 dxc3 10. Nxc3 Be6 11. 0-0 Bb4 12. Qc2 0-0-0 13. Be3 Bxc3 14. bxc3 Ng4 15. Bf4 g5 16. Bg3 h5 17. h4 gxh4 18. Bxh4 Qe5 19. g3 f6 20. Qe2 Rd7 21. Rad1 Rhd8 22. Rxd7 Rxd7 23. Rc1 Qc5 24. c4 Rd4 25. Qb2 Bxc4 26. Rb1 b5 27. a3 Qd6 28. Re1 Rd1 29. Qc3 Qc5 30. Qe3 Qxe3 31. fxe3 Rxe1+ 32. Kg2 Bd3 33. Kf3 Re2 34. Kf4 Rf2# 0-1

[Event "IECC Swiss-574.4"]
[Site "IECC email"]
[Date "2016.11.13"]
[Round "?"]
[White "Blackman, Leon"]
[Black "Bolash, John"]
[Result "1-0"]
[WhiteElo "1776"]
[BlackElo "1434"]
[PlyCount "53"]
[EventDate "2016.??.??"]
[EventType "swiss (corr)"]
[EventRounds "1"]
[SourceTitle "Corr 2020"]
[Source "ChessBase"]
[SourceDate "2019.09.30"]
[SourceVersion "1"]
[SourceVersionDate "2019.09.30"]
[SourceQuality "1"]
[WhiteTeam "Australia"]
[BlackTeam "United States"]
[WhiteTeamCountry "AUS"]
[BlackTeamCountry "USA"]

1. e4 c5 2. Nf3 d6 3. d4 cxd4 4. Nxd4 Nf6 5. f3 Nc6 6. c4 Nxd4 7. Qxd4 g6 8. Nc3 Bg7 9. Be3 0-0 10. Qd2 Bd7 11. c5 dxc5 12. e5 Qc7 13. exf6 Bxf6 14. Nd5 Qc6 15. Rd1 Bf5 16. Nxf6+ exf6 17. Kf2 Rfc8 18. Qc3 Rc7 19. Bc4 Kg7 20. Bd5 Qb5 21. g4 Be6 22. Bh6+ Kxh6 23. Qxf6 Qb6 24. g5+ Kh5 25. Kg3 Bxd5 26. Qg7 Kxg5 27. f4+ 1-0

[Event "IECC 2015-4.01"]
[Site "IECC email"]
[Date "2016.10.27"]
[Round "?"]
[White "Ducci, Roberto"]
[Black "Blackman, Leon"]
[Result "1-0"]
[WhiteElo "2412"]
[BlackElo "1787"]
[PlyCount "107"]
[EventDate "2016.??.??"]
[EventType "tourn (corr)"]
[SourceTitle "Corr 2020"]
[Source "ChessBase"]
[SourceDate "2019.09.30"]
[SourceVersion "1"]
[SourceVersionDate "2019.09.30"]
[SourceQuality "1"]
[WhiteTeam "Italy"]
[BlackTeam "Australia"]
[WhiteTeamCountry "ITA"]
[BlackTeamCountry "AUS"]

1. d4 Nf6 2. Nf3 c5 3. d5 b5 4. Bg5 Ne4 5. Bh4 Bb7 6. a4 Qb6 7. axb5 a6 8. Nc3 Nxc3 9. bxc3 g6 10. e4 Bg7 11. Qd2 axb5 12. Rxa8 Bxa8 13. Be2 Qa5 14. 0-0 Bxc3 15. Qg5 f6 16. Qh6 Kf7 17. Bg3 Na6 18. Nh4 Bd2 19. f4 Qd8 20. Nf3 Be3+ 21. Kh1 Nc7 22. Ne5+ Kg8 23. Ng4 Bd4 24. f5 d6 25. fxg6 Qf8 26. Bf4 Qxh6 27. Nxh6+ Kf8 28. Nf7 hxg6 29. Nxh8 Kg7 30. Nxg6 Kxg6 31. Bg4 b4 32. Rf3 Nxd5 33. Bf5+ Kf7 34. exd5 Bxd5 35. Rh3 c4 36. Rh7+ Ke8 37. h4 b3 38. cxb3 cxb3 39. h5 b2 40. Rh8+ Kf7 41. Bh6 e6 42. Bg6+ Ke7 43. Bb1 e5 44. Bg7 Kf7 45. h6 e4 46. Rd8 e3 47. h7 e2 48. Rf8+ Ke7 49. Re8+ Kxe8 50. h8Q+ Kd7 51. Qh4 Be6 52. Qe1 Bc4 53. Qb4 d5 54. Bh6 1-0

[Event "IECC KO-5088"]
[Site "IECC email"]
[Date "2015.10.10"]
[Round "?"]
[White "Jordaan, Wayne"]
[Black "Blackman, Leon"]
[Result "1-0"]
[WhiteElo "1772"]
[BlackElo "1812"]
[PlyCount "93"]
[EventDate "2014.??.??"]
[EventType "match (corr)"]
[EventRounds "2"]
[SourceTitle "Corr 2020"]
[Source "ChessBase"]
[SourceDate "2019.09.30"]
[SourceVersion "1"]
[SourceVersionDate "2019.09.30"]
[SourceQuality "1"]
[WhiteTeam "South Africa"]
[BlackTeam "Australia"]
[WhiteTeamCountry "RSA"]
[BlackTeamCountry "AUS"]

1. d4 Nf6 2. c4 e6 3. Nc3 Bb4 4. Qc2 0-0 5. a3 Bxc3+ 6. Qxc3 b6 7. Bg5 Bb7 8. Nf3 h6 9. Bh4 d6 10. e3 a5 11. Bd3 a4 12. 0-0 Bxf3 13. gxf3 Ra5 14. f4 Nbd7 15. Bc2 Qa8 16. f3 Rh5 17. Bg3 b5 18. e4 Qa7 19. Kh1 bxc4 20. Qxc4 Ra8 21. Rg1 d5 22. Qc6 Nb8 23. Qc3 dxe4 24. fxe4 Qb7 25. d5 Nbd7 26. Qf3 g6 27. Rad1 Ra6 28. Be1 e5 29. Bc3 Qa8 30. Rdf1 Rd6 31. Qd1 Qa7 32. Qe1 exf4 33. e5 Nxe5 34. Bxe5 Qc5 35. Bxd6 Qxd6 36. Qd2 Rh4 37. Qf2 Qxd5+ 38. Rg2 Rg4 39. Qf3 Rxg2 40. Qxg2 Qd4 41. Bxg6 fxg6 42. Qxg6+ Kf8 43. Qxh6+ Ke7 44. Qxf4 Qd5+ 45. Kg1 Qg8+ 46. Kf2 Qd5 47. Qxc7+ 1-0

[Event "IECC O-4076"]
[Site "IECC email"]
[Date "2015.10.05"]
[Round "?"]
[White "Mahony, Michael J"]
[Black "Blackman, Leon"]
[Result "1-0"]
[WhiteElo "1866"]
[BlackElo "1824"]
[PlyCount "67"]
[EventDate "2015.??.??"]
[EventType "swiss (corr)"]
[EventRounds "2"]
[SourceTitle "Corr 2020"]
[Source "ChessBase"]
[SourceDate "2019.09.30"]
[SourceVersion "1"]
[SourceVersionDate "2019.09.30"]
[SourceQuality "1"]
[WhiteTeam "United States"]
[BlackTeam "Australia"]
[WhiteTeamCountry "USA"]
[BlackTeamCountry "AUS"]

1. d4 Nf6 2. c4 e6 3. Nf3 b6 4. a3 c5 5. d5 Ba6 6. e3 exd5 7. cxd5 Bxf1 8. Kxf1 Bd6 9. Nc3 0-0 10. e4 Re8 11. Bg5 h6 12. Bh4 a6 13. Qd3 Qe7 14. Re1 Be5 15. Nxe5 Qxe5 16. Qg3 Qxg3 17. Bxg3 a5 18. h4 Na6 19. h5 Red8 20. e5 Ne8 21. d6 Rdb8 22. f3 b5 23. Nd5 b4 24. Rh4 bxa3 25. bxa3 Rb7 26. Ne7+ Kf8 27. Rg4 c4 28. Bf4 f6 29. Nf5 Rb5 30. Nxg7 fxe5 31. Bxh6 Kf7 32. Nf5 Rab8 33. Rg6 Nf6 34. Rg7+ 1-0

[Event "IECC CL3-2015.01 email"]
[Site "IECC email"]
[Date "2015.03.22"]
[Round "?"]
[White "Blackman, Leon"]
[Black "Rodrigues, Paulo Odonel"]
[Result "0-1"]
[WhiteElo "1832"]
[BlackElo "1960"]
[PlyCount "92"]
[EventDate "2015.??.??"]
[EventType "tourn (corr)"]
[EventRounds "4"]
[SourceTitle "Corr 2020"]
[Source "ChessBase"]
[SourceDate "2019.09.30"]
[SourceVersion "1"]
[SourceVersionDate "2019.09.30"]
[SourceQuality "1"]
[WhiteTeam "Australia"]
[BlackTeam "Brazil"]
[WhiteTeamCountry "AUS"]
[BlackTeamCountry "BRA"]

1. e4 c5 2. Nf3 Nc6 3. Bb5 g6 4. Bxc6 bxc6 5. 0-0 Bg7 6. Re1 d6 7. e5 Be6 8. d3 Nh6 9. exd6 exd6 10. Nc3 0-0 11. Bg5 Qb6 12. Ne4 Qxb2 13. Qd2 Nf5 14. Rab1 Qxa2 15. Bf6 Nd4 16. Nxd4 cxd4 17. Ra1 Qd5 18. c4 Qh5 19. Bxg7 Kxg7 20. Nxd6 Rfd8 21. Qf4 a5 22. Reb1 Kg8 23. Rb7 Qg4 24. Qe5 Qh5 25. Qxd4 a4 26. Qf4 h6 27. Ne4 Qf5 28. Qxh6 Qe5 29. Rbb1 Rxd3 30. Rxa4 Rad8 31. f3 Qd4+ 32. Kf1 c5 33. Re1 Rb3 34. Qc1 Rdb8 35. Qc2 Rb2 36. Qc3 Rf2+ 37. Kg1 Qxc3 38. Nxc3 Rbb2 39. g4 Rg2+ 40. Kh1 Rxh2+ 41. Kg1 Rbg2+ 42. Kf1 Rg3 43. Ne4 Rxf3+ 44. Kg1 Rc2 45. Ra5 Rf4 46. Rxc5 Rxg4+ 0-1

[Event "IECC KO-4037"]
[Site "IECC email"]
[Date "2014.12.25"]
[Round "?"]
[White "Blackman, Leon"]
[Black "Garau, Bernard"]
[Result "0-1"]
[WhiteElo "1808"]
[BlackElo "2136"]
[PlyCount "70"]
[EventDate "2014.??.??"]
[EventType "match (corr)"]
[EventRounds "2"]
[SourceTitle "Corr 2020"]
[Source "ChessBase"]
[SourceDate "2019.09.30"]
[SourceVersion "1"]
[SourceVersionDate "2019.09.30"]
[SourceQuality "1"]
[WhiteTeam "Australia"]
[BlackTeam "France"]
[WhiteTeamCountry "AUS"]
[BlackTeamCountry "FRA"]

1. c4 Nf6 2. e4 e5 3. Nc3 Bc5 4. d3 c6 5. Bg5 h6 6. Bh4 d6 7. a3 a5 8. Nf3 g5 9. Bg3 Nh5 10. Be2 Nxg3 11. hxg3 Qf6 12. 0-0 h5 13. Qd2 h4 14. g4 Bxg4 15. Qxg5 Qxg5 16. Nxg5 Be6 17. Kh2 Nd7 18. f4 exf4 19. Nxe6 fxe6 20. Rxf4 Be3 21. Rf3 Bd4 22. Raf1 Ne5 23. Rh3 Nf7 24. g3 Be5 25. d4 Bxg3+ 26. Kg2 Ng5 27. Rhh1 Ke7 28. Bd3 Rag8 29. Ne2 e5 30. d5 cxd5 31. cxd5 Bf4 32. Kf2 h3 33. Rfg1 h2 34. Rg2 Rh3 35. Nxf4 exf4 0-1

[Event "IECC KO-4037"]
[Site "IECC email"]
[Date "2014.12.25"]
[Round "?"]
[White "Garau, Bernard"]
[Black "Blackman, Leon"]
[Result "1-0"]
[WhiteElo "2106"]
[BlackElo "1812"]
[PlyCount "63"]
[EventDate "2014.??.??"]
[EventType "match (corr)"]
[EventRounds "2"]
[SourceTitle "Corr 2020"]
[Source "ChessBase"]
[SourceDate "2019.09.30"]
[SourceVersion "1"]
[SourceVersionDate "2019.09.30"]
[SourceQuality "1"]
[WhiteTeam "France"]
[BlackTeam "Australia"]
[WhiteTeamCountry "FRA"]
[BlackTeamCountry "AUS"]

1. e4 c5 2. Nf3 d6 3. Bb5+ Bd7 4. Bxd7+ Nxd7 5. 0-0 Ngf6 6. Qe2 Rc8 7. d3 g6 8. Ng5 Ne5 9. f4 Nc6 10. c3 h6 11. Nf3 Bg7 12. Na3 0-0 13. Bd2 Qd7 14. Rae1 Qe6 15. b3 Rfd8 16. Nc2 Qd7 17. f5 gxf5 18. Nh4 fxe4 19. Nf5 d5 20. Bxh6 Bxh6 21. Nxh6+ Kf8 22. Qe3 Ne5 23. Nf5 Qc7 24. Qh3 Ng6 25. Nce3 Qe5 26. dxe4 dxe4 27. Nc4 Qc7 28. Qh6+ Ke8 29. Qg7 Qc6 30. h4 Rd5 31. h5 Nxh5 32. Nfd6+ 1-0

[Event "IECC Swiss-573.1"]
[Site "IECC email"]
[Date "2014.11.17"]
[Round "?"]
[White "Blackman, Leon"]
[Black "Mahony, Michael J"]
[Result "0-1"]
[WhiteElo "1779"]
[BlackElo "1844"]
[PlyCount "86"]
[EventDate "2014.??.??"]
[EventType "swiss (corr)"]
[EventRounds "1"]
[SourceTitle "Corr 2020"]
[Source "ChessBase"]
[SourceDate "2019.09.30"]
[SourceVersion "1"]
[SourceVersionDate "2019.09.30"]
[SourceQuality "1"]
[WhiteTeam "Australia"]
[BlackTeam "United States"]
[WhiteTeamCountry "AUS"]
[BlackTeamCountry "USA"]

1. e4 e5 2. f4 exf4 3. Nf3 g5 4. Bc4 g4 5. 0-0 gxf3 6. Qxf3 Qf6 7. e5 Qxe5 8. Bxf7+ Kxf7 9. d4 Qf5 10. Bxf4 Nf6 11. Be5 Qxf3 12. Rxf3 Bg7 13. Nc3 d6 14. Bxf6 Bxf6 15. Raf1 Nd7 16. Nd5 Rg8 17. Nxf6 Nxf6 18. Rxf6+ Ke8 19. d5 b5 20. Rf7 Bh3 21. R7f2 h5 22. Re2+ Kd8 23. Rf7 Rc8 24. c3 a5 25. a3 Bd7 26. Re3 c5 27. dxc6 Bxc6 28. g3 Rc7 29. Rf4 Re7 30. Kf2 Kd7 31. Rxe7+ Kxe7 32. Ke1 Rg4 33. Rf5 h4 34. Kf2 b4 35. Rxa5 hxg3+ 36. hxg3 bxc3 37. bxc3 Rc4 38. g4 Rxc3 39. g5 Rf3+ 40. Ke2 Ke6 41. Ra6 Be4 42. a4 Rg3 43. Kd2 Ke5 0-1

[Event "IECC 2014-2.05"]
[Site "IECC email"]
[Date "2014.09.20"]
[Round "?"]
[White "Blackman, Leon"]
[Black "Schlenther, Marco"]
[Result "0-1"]
[WhiteElo "1811"]
[BlackElo "2231"]
[PlyCount "72"]
[EventDate "2014.??.??"]
[EventType "tourn (corr)"]
[SourceTitle "Corr 2020"]
[Source "ChessBase"]
[SourceDate "2019.09.30"]
[SourceVersion "1"]
[SourceVersionDate "2019.09.30"]
[SourceQuality "1"]
[WhiteTeam "Australia"]
[BlackTeam "Germany"]
[WhiteTeamCountry "AUS"]
[BlackTeamCountry "GER"]

1. d4 Nf6 2. c4 e6 3. Nc3 Bb4 4. f3 c5 5. d5 0-0 6. e4 d6 7. Bd3 Nbd7 8. Nge2 exd5 9. exd5 b5 10. cxb5 c4 11. Bxc4 Ne5 12. Qb3 Ba5 13. Bf4 Nfd7 14. Bxe5 Nxe5 15. 0-0-0 Bf5 16. Nd4 Rc8 17. Nc6 Qg5+ 18. Rd2 Bb6 19. Re1 Rce8 20. Ne4 Bxe4 21. fxe4 f5 22. Kd1 fxe4 23. Rxe4 Ng4 24. Re6 Ne3+ 25. Kc1 Nxc4 26. Qxc4 Be3 27. Rxe3 Qxe3 28. Nd4 Rf2 29. Qc3 Qe1+ 30. Rd1 Qxc3+ 31. bxc3 Rxg2 32. Rd2 Re1+ 33. Kc2 Rxd2+ 34. Kxd2 Rh1 35. Ke3 Rxh2 36. Nf5 h5 0-1

[Event "IECC KO-5084"]
[Site "IECC email"]
[Date "2014.06.10"]
[Round "?"]
[White "Garau, Bernard"]
[Black "Blackman, Leon"]
[Result "1-0"]
[WhiteElo "2009"]
[BlackElo "1811"]
[PlyCount "75"]
[EventDate "2013.??.??"]
[EventType "match (corr)"]
[EventRounds "2"]
[SourceTitle "Corr 2020"]
[Source "ChessBase"]
[SourceDate "2019.09.30"]
[SourceVersion "1"]
[SourceVersionDate "2019.09.30"]
[SourceQuality "1"]
[WhiteTeam "France"]
[BlackTeam "Australia"]
[WhiteTeamCountry "FRA"]
[BlackTeamCountry "AUS"]

1. d4 Nf6 2. Bg5 c5 3. d5 Ne4 4. Bf4 Qb6 5. Bc1 e6 6. f3 Qa5+ 7. c3 Nf6 8. e4 d6 9. Bd2 exd5 10. c4 Qc7 11. cxd5 Be7 12. Ne2 0-0 13. Na3 Nh5 14. Qb3 a6 15. 0-0-0 b5 16. g4 Nf6 17. Nc2 Nfd7 18. Kb1 Ne5 19. g5 Nc4 20. Bc1 Na5 21. Qe3 f5 22. b3 fxe4 23. f4 Bg4 24. Rg1 Bf3 25. Bh3 Nd7 26. Rde1 Nb6 27. Ng3 Kh8 28. Nxe4 Bh5 29. Be6 Bf7 30. Qh3 Bxe6 31. dxe6 c4 32. Bb2 cxb3 33. axb3 Rac8 34. Nb4 Rxf4 35. Qh6 Rg8 36. g6 Rh4 37. gxh7 Rxh6 38. hxg8R+ 1-0

[Event "IECC 2014-1.02"]
[Site "IECC email"]
[Date "2014.01.05"]
[Round "?"]
[White "Blackman, Leon"]
[Black "Garau, Bernard"]
[Result "0-1"]
[WhiteElo "1823"]
[BlackElo "1910"]
[PlyCount "44"]
[EventDate "2014.??.??"]
[EventType "tourn (corr)"]
[SourceTitle "Corr 2020"]
[Source "ChessBase"]
[SourceDate "2019.09.30"]
[SourceVersion "1"]
[SourceVersionDate "2019.09.30"]
[SourceQuality "1"]
[WhiteTeam "Australia"]
[BlackTeam "France"]
[WhiteTeamCountry "AUS"]
[BlackTeamCountry "FRA"]

1. c4 e5 2. Nc3 Nf6 3. Nf3 Nc6 4. g3 Bb4 5. Nd5 e4 6. Nh4 0-0 7. Bg2 d6 8. Nxb4 Nxb4 9. a3 Nc6 10. d4 d5 11. Bg5 h6 12. Bxf6 Qxf6 13. e3 dxc4 14. Bxe4 Re8 15. f3 Bh3 16. Qe2 Rad8 17. Rc1 Nxd4 18. exd4 Rxd4 19. Bh7+ Kf8 20. Be4 b5 21. Ng2 Qb6 22. Qf2 Bxg2 0-1